00000000nam##2200000za#4500
0019.669059
003CaOODSP
00520210615124559
007ta
008150407|2007||||xxc|||||     f|0| 0 eng|d
020 |a978-0-662-73999-9
040 |aCaOODSP|beng
041 |aeng
041 |afre
043 |an-cn---
0861 |aSC3-128/2007
1102 |aPublic Service Commission of Canada.
24510|aNew indeterminate employees : |bwho are they? : a statistical study by the Public Service Commission of Canada / |cby the Public Service Commission of Canada.
260 |aOttawa - Ontario : |bPublic Service Commission |c2007.
300 |aEnglish text, 42p. : |bgraphs, tables ; |c28 cm.
5203 |aThis report presents the results of a study of all new indeterminate employees of the federal public service hired between April 1, 1998, and March 31, 2006. The report gives statistics on prior public service experience as a casual or term employee, workforce composition, starting salaries, age, and visible minorities. The report also provides background information and describes the study methodology.
563 |aSoftcover
590 |a07-47|b2007-11-23
69007|aPublic service|2gcpds
7760#|tLes nouveaux fonctionnaires nommés pour une période indéterminée : |w(CaOODSP)9.634494
7760#|tNew indeterminate employees : |w(CaOODSP)9.690121
792 |tLes nouveaux fonctionnaires nommés pour une période indéterminée : |efre|w(CaOODSP)9.669060